| 000 | 00787nam a2200193 i 4500 | ||
|---|---|---|---|
| 001 | 39563 | ||
| 003 | ES-MaACL | ||
| 005 | 20250812075345.0 | ||
| 007 | t| | ||
| 008 | 030303s1892 sp ||||1| spa d | ||
| 100 | 1 |
_aCano y Rodríguez Cairo, Rafael. _934581 |
|
| 245 | 1 | 0 |
_aDiscurso leído en la Universidad de Salamanca en la solemne inauguración del Curso académico de 1892 á 93 / _cpor Rafael Cano y Rodríguez Cairo. |
| 260 |
_aSalamanca : _b[s.n.], _c1892. |
||
| 300 |
_a67 p. ; _c31 cm. |
||
| 500 | _aTema del discurso: "Los extravíos y rebajamiento del arte moderno en correlación con las últimas fases del pensamiento filosófico apartado del espiritualismo cristiano" | ||
| 650 | 7 |
_aArte y moral _2 _9150027 |
|
| 852 |
_aES-MaACL _jT-657-F-3 |
||
| 999 |
_c39563 _d39563 |
||